000 00310cam a2200133ua 4500
003 OSt
008 240325b |||||||| |||| 00| 0 eng d
041 _aeng
082 _a551
_bCOR/EA
245 0 0 _aEarth we live on /
260 _aMumbai :
_bAsia Publishing House ,
_c1963.
300 _a118 ; .
942 _cBK
999 _c10622
_d10622